Countries with the Death Penalty - Statistics

General Stats
  • This quiz has been taken 18 times
  • The average score is 36 of 42
Answers on the Map
Answers color-coded by a green-red scale on the quiz's map according to % correct below.
 
Answer Stats
Answer % Correct
Egypt
100%
India
100%
Japan
100%
North Korea
100%
Somalia
100%
Sudan
100%
Yemen
100%
Bangladesh
93%
China
93%
Democratic Republic of the Congo
93%
Ethiopia
93%
Guyana
93%
Indonesia
93%
Lesotho
93%
Libya
93%
Pakistan
93%
United States
93%
Belarus
87%
Cuba
87%
Equatorial Guinea
87%
Iran
87%
Iraq
87%
Malaysia
87%
Nigeria
87%
Oman
87%
Saudi Arabia
87%
South Sudan
87%
Syria
87%
Thailand
87%
United Arab Emirates
87%
Vietnam
87%
Belize
80%
Jordan
80%
Lebanon
73%
Qatar
73%
Uganda
73%
Botswana
67%
Gambia
67%
Kuwait
67%
Zambia
67%
Bahrain
60%
Afghanistan
40%
No matching quizzes found
Score Distribution
Percent of People with Each Score
Percentile by Number Answered
Your Score History
You have not taken this quiz